000 00403nam a2200145Ia 4500
008 210719s1965 xx 000 0 und d
041 _aeng
082 _a320.473 MADS
100 _aMADDOX (Russell W) and FUQUAY (Robert F)
245 _aState and local government.
260 _aToronto
_bD Van Nostrand company, Inc.
_c1965
300 _ax,712
_bHB
365 _b10
_cRs
650 _aPolitical Thought
999 _c212722
_d212722